000 00473 a2200169 4500
003 OSt
005 20231028134541.0
008 231028b |||||||| |||| 00| 0 eng d
020 _a9789356433991
040 _coclc
082 _a894.812301
_bHAR/K
100 _aHareesh, S
_97018
245 _a KATHAKAL / S HAREESH
260 _aKottayam:
_bD C Books,
_c2023.
300 _a352p,
_c21 cm
942 _2ddc
_cBK
_h894.812301
_iHAR/K
_k894.812301
_mHAR/K
999 _c42905
_d42905